| 000 | 00352cam a2200145ua 4500 | ||
|---|---|---|---|
| 041 |
_aeng _h |
||
| 082 |
_a821 _bDON/PO |
||
| 100 | _aDonne, John. | ||
| 245 |
_aPoetry and Prose / _cJohn Donne. _hTextual Documents |
||
| 260 |
_aLondon : _bOxford at the Clarendon Press , _c1960. |
||
| 300 | _a126 ; . | ||
| 504 | _a | ||
| 942 | _cBK | ||
| 999 |
_c505 _d505 |
||